000 01225nkm a2200265 i 4500
001 3557
003 ES-MaACL
005 20250713062747.0
007 khrbo
008 051117s1984 sp --- g |001||spa d
100 0 _aAlfonso,
_d1902-1990
_919858
245 1 3 _aLa decadencia de la heráldica
_b: orígenes y causas [
_hFotografía] /
_cAlfonso (sello).
260 _a[S.l. :
_bs.n.],
_c1984.
300 _a5 fot. :
_bb. y n. ;
_c12 x 18 cm.
500 _aDatos basados en invitación.
511 0 _aIntervienen: Luis Francisco Messía de la Cerda y Pita.
518 _aActo organizado por el Ateneo de Madrid en colaboración con la Asociación de Diplomados en Genealogía, Heráldica y Nobiliaria, celebrado en la sala de conferencias el jueves, 19 de diciembre de 1985, a las 20:00 h.
600 1 4 _aMessía de la Cerda y Pita, Luis.
_980683
610 2 4 _aAteneo de Madrid-
_xActos culturales-
_y1984-
_vFotografías.
_91898
710 2 _aAteneo de Madrid.
_91875
710 2 _aAsociación de Diplomados en Genealogía, Heráldica y Nobiliaria.
_91579
852 _aES-MaACL
_jFOT 121/1984
856 4 _uhttp://www.ateneodemadrid.net/biblioteca_digital/imagenes/1985/0121-1985.jpg
_zVer imagen
999 _c3557
_d3557